000 00435nam a2200169Ia 4500
005 20250508151400.0
008 008 250505s9999 xx 000 0 eng d
037 _aTextual
040 _aFEDL
_beng
_cFEDL
041 _aeng
_2eng
084 _a614.0942, GRE
_qFEDL
245 0 _aNational health service
245 0 _cGreat Britain
300 _a35p.
942 _cTEXL
_h614.0942, GRE
999 _c1329419
_d1329419